[Event "Online Olym Disabilities"]
[Site "Tornelo INT"]
[Date "2020.11.24"]
[Round "4.27"]
[White "Stroe, Constantin"]
[Black "Mbaziira, Wasswa Sharif"]
[Result "1/2-1/2"]
[WhiteElo "1917"]
[BlackElo "1362"]
[PlyCount "96"]
[EventDate "2020.11.21"]
[EventType "team-swiss (rapid)"]
[EventRounds "7"]
[EventCountry "NET"]
[SourceTitle "CBM 199 Extra"]
[Source "ChessBase"]
[SourceDate "2021.01.31"]
[SourceVersion "1"]
[SourceVersionDate "2021.01.31"]
[SourceQuality "1"]
[WhiteTeam "Romania II"]
[BlackTeam "Uganda"]
[WhiteTeamCountry "ROU"]
[BlackTeamCountry "UGA"]

1. d4 e6 2. Bf4 d5 3. e3 Nf6 4. Bd3 Bd6 5. Bg3 Nc6 6. f4 0-0 7. Nf3 Ne4 8. Bxe4 dxe4 9. Nfd2 f5 10. 0-0 Bd7 11. Nc4 Be7 12. Be1 b5 13. Ncd2 Nb4 14. Nc3 a6 15. a3 Nd5 16. Nxd5 exd5 17. b3 c5 18. c3 cxd4 19. cxd4 Rc8 20. b4 Qb6 21. Nb3 Rc7 22. Nc5 Rfc8 23. Qb3 Be6 24. Bd2 Bf7 25. Ra2 Rd8 26. a4 Ra7 27. Rfa1 Be8 28. axb5 Bxb5 29. Ra5 g5 30. Qa2 gxf4 31. exf4 Bf6 32. Bc3 Rd6 33. Kh1 Bg7 34. Qb1 Rg6 35. Qd1 Qf6 36. Rxb5 axb5 37. Rxa7 Qh4 38. Ra8+ Bf8 39. Nd7 Qh6 40. Rxf8+ Kg7 41. Re8 Qxf4 42. Ne5 Rh6 43. Qg1 e3 44. g3 Qe4+ 45. Qg2 Qb1+ 46. Qg1 Qe4+ 47. Qg2 Qb1+ 48. Qg1 Qe4+ 1/2-1/2